000 00421nam a2200121Ia 4500
008 220214s9999 xx 000 0 und d
100 _aSeyferth Dietmar
245 0 _aHalomethyl-metal compounds LV. The synthesis of phenyl (trifluoromethyl) mercury by fluorination of phenyl (tribromomethyl) mercury
260 _bJournal of Organometallic Chemistry
_c1972
300 _a97-105
700 _aHopper Steven P
942 _cRE
999 _c45962
_d45962